00502nam a2200145 a 450000500170000000800410001702000180005805000200007610000210009624500630011726000370018044000210021752000940023865000240033220140412111406.0070705s19uu xx 00 eng d a0-679-80091-3 aERbBe35Tr 1989 aBerenstain, Stan aThe berenstain bears :bTrick or treat /cStan Berenstain. aNew York :bRandom house,c1989. aFirst time books aThe berenstain bears cubs have an adventure on halloween night that proves mother's adage aHalloween - fiction